X-7 UZAYI KEŞFEDİYORUM URANÜS (Record no. 587454)
[ view plain ]
| 000 -LEADER | |
|---|---|
| sabit uzunluktaki kontrol alanı | 00285nam a2200109Ia 4500 |
| 001 - KONTROL NUMARASI | |
| kontrol alanı | 587454 |
| 005 - EN SON İŞLEMİN TARİH VE ZAMANI | |
| kontrol alanı | 20250717113816.0 |
| 008 - SABİT-UZUNLUKTA VERİ ÖĞELERİ--GENEL BİLGİ | |
| sabit uzunluktaki kontrol alanı | 250717s9999 xx 000 0 und d |
| 245 #0 - ESER / YAZAR | |
| ESER ADI | X-7 UZAYI KEŞFEDİYORUM URANÜS |
| Yazar Adı | ŞEBNEM ÖZDEMİRCİ |
| 260 ## - YAYIN, DAĞITIM, VB. | |
| YAYIN EVİ | BETA YAYINLARI |
| Yayın, dağıtım tarihi, vb. | 2021 |
| 300 ## - FİZİKSEL AÇIKLAMA | |
| Diğer fiziksel ayrıntılar | 18 |
No items available.